| 000 | 00000nam##2200000za#4500 |
| 001 | 9.619268 |
| 003 | CaOODSP |
| 005 | 20210615103348 |
| 007 | ta |
| 008 | 150406|2008||||xxc||||| f|0| 0 eng|d |
| 022 | |a0706-6473 |
| 040 | |aCaOODSP|beng |
| 043 | |an-cn--- |
| 086 | 1 |aFs97-4/2840E |
| 110 | 1 |aCanada. |bDepartment of Fisheries and Oceans. |
| 245 | 10|aAnalysis of infilling projects affecting fish habitat in the Great Lakes (1997-2001) / |c[by] J.E. MacNeil ... [et al.] |
| 260 | |aBurlington - Ontario : |bFisheries and Oceans Canada |c2008. |
| 300 | |avi, 194p. : |bfigs., graphs, map, tables, photographs ; |c28 cm. |
| 490 | 1 |aCanadian manuscript report of fisheries and aquatic sciences|x0706-6473|vNo. 2840 |
| 500 | |a"Fisheries and Oceans Canada, Ontario-Great Lakes Area, PO Box 5050, 867 Lakeshore Road, Burlington, Ontario, L7R 4A6." |
| 546 | |a(Résumé en français) |
| 563 | |aSpiral binding |
| 590 | |a09-12|b2009-03-20 |
| 720 | 1 |aMacNeil, J. E. |
| 776 | 0#|tAnalysis of infilling projects affecting fish habitat in the Great Lakes (1997-2001) / |w(CaOODSP)9.580135 |
| 830 | #0|aCanadian manuscript report of fisheries and aquatic sciences,|x0706-6473|vNo. 2840|w(CaOODSP)9.514688 |